000 01436cam a2200313 i 4500
001 17855554
003 OSt
005 20230929144620.0
008 130816t20132013njua 001 0 eng
010 _a 2013033541
020 _a9788126562961
040 _aDLC
_beng
_cDLC
_erda
_dDLC
042 _apcc
050 0 0 _aQA184.2
_b.A58 2013
082 0 0 _a512.5
_bANT/E
100 _aAnton, Howard
_eauthor.
_93753
245 1 0 _aElementary linear algebra /
_cHoward Anton, Professor Emeritus, Drexel University. Chris Rorres
250 _a11th edition.
264 1 _aHoboken, NJ :
_bWiley,
_c[2013]
264 4 _c©2013
300 _a769 pages :
_billustrations ;
_c27 cm
500 _aIncludes index.
505 0 _a1. Systems of linear equations and matrices --2. Determinants --3. Euclidian vector spaces --4. General vector spaces -- 5. Eignvalues and eigenvectors -- 6. Inner product spaces -- 7. Diagonolization and quadratic forms -- 8. General linear transformations -- 9. Numerical methods.
650 0 _aAlgebras, Linear
_vTextbooks.
776 0 8 _iOnline version:
_aAnton, Howard, author.
_tElementary linear algebra
_b11th edition.
_dHoboken, NJ : John Wiley & Sons Inc., [2013]
_z9781118800065
_w(DLC) 2013034443
906 _a7
_bcbc
_corignew
_d1
_eecip
_f20
_gy-gencatlg
942 _2ddc
_cBK
_h512.5
_iANT/E
_k512.5
_mANT/E
999 _c42373
_d42373